[Event "DFMM: Schleswig-Holstein-Bayern"]
[Site "Braunfels"]
[Date "2010.06.03"]
[Round "1.5"]
[White "Niedermaier, Barbara"]
[Black "Polert, Annika"]
[Result "0-1"]
[WhiteElo "2003"]
[BlackElo "1692"]
[PlyCount "142"]
[EventDate "2010.06.03"]
[WhiteTeam "Bayern"]
[BlackTeam "Schleswig-Holstein"]

1. e4 c5 2. Nc3 Nc6 3. f4 g6 4. Nf3 Bg7 5. Bb5 a6 6. Bxc6 bxc6 7. O-O d6 8. d3
Nf6 9. Qe1 O-O 10. f5 e6 11. Qh4 Nd7 12. Qg3 Ne5 13. Bf4 Nxf3+ 14. Rxf3 exf5
15. Bxd6 fxe4 16. Nxe4 Re8 17. c3 c4 18. Qf4 Bf5 19. Nc5 cxd3 20. Nxd3 Re4 21.
Qg3 Rg4 22. Qf2 Qxd6 23. h3 Re4 24. Nc5 Re5 25. b4 Rd5 26. g4 Rd1+ 27. Rxd1
Qxd1+ 28. Kg2 Rd8 29. Qe3 Qd2+ 30. Kg3 Qxe3 31. Rxe3 Bc8 32. a4 Kf8 33. Kf4 Re8
34. Rd3 Be5+ 35. Kf3 Bc7 36. Ne4 Kg7 37. Nc5 f5 38. gxf5 Bxf5 39. Rd2 a5 40. h4
Bc8 41. Ne4 Rf8+ 42. Kg2 Rf4 43. Nd6 Bxd6 44. Rxd6 axb4 45. cxb4 Rxb4 46. Kg3
Rc4 47. Rd8 Bf5 48. a5 Ra4 49. Ra8 Bd3 50. Ra7+ Kh6 51. Ra8 Kh5 52. Ra7 h6 53.
Rc7 Bb5 54. Re7 Rxh4 55. Re6 Ra4 56. Re1 g5 57. Rh1+ Kg6 58. Rd1 Rxa5 59. Rd6+
Kh5 60. Rd1 Ra3+ 61. Kg2 g4 62. Rh1+ Kg5 63. Re1 Rf3 64. Re8 h5 65. Re5+ Rf5
66. Re1 h4 67. Rd1 h3+ 68. Kg3 Rf3+ 69. Kh2 Kh4 70. Re1 g3+ 71. Kg1 Rf1+ 0-1

[Event "DFMM: Schleswig-Holstein-Bayern"]
[Site "Braunfels"]
[Date "2010.06.03"]
[Round "1.6"]
[White "Bücker, Simone"]
[Black "Specht, Maria"]
[Result "1/2-1/2"]
[WhiteElo "1674"]
[BlackElo "1936"]
[PlyCount "79"]
[EventDate "2010.06.03"]
[WhiteTeam "Schleswig-Holstein"]
[BlackTeam "Bayern"]

1. d4 d5 2. Nf3 e6 3. Bf4 c5 4. c3 Nc6 5. e3 Bd6 6. Ne5 Nge7 7. Bb5 O-O 8. Bxc6
bxc6 9. O-O f6 10. Nd3 Bxf4 11. Nxf4 cxd4 12. cxd4 e5 13. Ne2 Ba6 14. Re1 Qd6
15. Nd2 exd4 16. Nxd4 f5 17. Qc2 Rf6 18. Rac1 Raf8 19. Qc5 Qd7 20. Qa3 Bb7 21.
b4 f4 22. b5 fxe3 23. Qxe3 Nf5 24. Nxf5 Rxf5 25. Qe6+ Qf7 26. Qxf7+ R5xf7 27.
bxc6 Ba6 28. f3 Rc7 29. Rc5 Rfc8 30. Rxd5 Rxc6 31. Rd7 Rc1 32. Rxc1 Rxc1+ 33.
Kf2 Rc2 34. Ke3 Rxa2 35. Rxa7 Ra3+ 36. Kf4 Ra2 37. Ke3 Ra3+ 38. Kf4 Ra2 39. Ke3
Ra3+ 40. Kf4 1/2-1/2

[Event "DFMM: Schleswig-Holstein-Bayern"]
[Site "Braunfels"]
[Date "2010.06.03"]
[Round "1.7"]
[White "Roos, Karin"]
[Black "Krupp, Katja"]
[Result "0-1"]
[WhiteElo "1875"]
[BlackElo "1646"]
[PlyCount "167"]
[EventDate "2010.06.03"]
[WhiteTeam "Bayern"]
[BlackTeam "Schleswig-Holstein"]

1. e4 e5 2. Nf3 Nc6 3. Bc4 Bc5 4. O-O Nf6 5. Nc3 d6 6. h3 Bd7 7. Re1 Qe7 8. a3
Nd4 9. b4 Nxf3+ 10. Qxf3 Bd4 11. Rb1 O-O 12. Nd5 Nxd5 13. exd5 Rae8 14. c3 Bb6
15. d3 f5 16. Be3 Bxe3 17. Rxe3 Rf6 18. d4 e4 19. Qf4 Rh6 20. f3 Rh4 21. Qh2
Qg5 22. Kf2 Rf8 23. Bf1 f4 24. Ree1 e3+ 25. Ke2 Bb5+ 26. Kd1 Qf5 27. Kc1 Bxf1
28. Rxf1 Qd3 29. Kb2 e2 30. Rfe1 Re8 31. Qg1 Re3 32. Rbc1 c6 33. dxc6 bxc6 34.
Rc2 Rh6 35. Qf2 Rhe6 36. Qh4 Rf6 37. Qf2 Rfe6 38. Qh4 Qb5 39. Qxf4 a5 40. d5
Qxd5 41. Qd4 Qb5 42. Qa7 axb4 43. axb4 c5 44. Qa5 Qb8 45. b5 d5 46. Kc1 d4 47.
cxd4 cxd4 48. Rc6 Rxc6+ 49. bxc6 Rc3+ 50. Qxc3 dxc3 51. Rxe2 Qd6 52. Kc2 Qxc6
53. f4 Qa4+ 54. Kxc3 Qxf4 55. Kd3 h5 56. Re3 Qf1+ 57. Ke4 Qxg2+ 58. Kf4 g5+ 59.
Ke5 Kg7 60. Rc3 g4 61. hxg4 hxg4 62. Kf4 Qd2+ 63. Re3 Qf2+ 64. Ke4 g3 65. Rf3
g2 66. Rxf2 g1=Q 67. Kf3 Qd1+ 68. Kf4 Qd4+ 69. Kg3 Qe3+ 70. Rf3 Qg5+ 71. Kf2
Qd2+ 72. Kg3 Kg6 73. Rf4 Kg5 74. Rf2 Qe3+ 75. Rf3 Qe5+ 76. Kh3 Kg6 77. Rg3+ Kh5
78. Rf3 Qg5 79. Rg3 Qh4+ 80. Kg2 Qe4+ 81. Kh2 Qe2+ 82. Kh3 Qe6+ 83. Kg2 Qa2+
84. Kh3 0-1

[Event "DFMM: Schleswig-Holstein-Bayern"]
[Site "Braunfels"]
[Date "2010.06.03"]
[Round "1.8"]
[White "Biehl, Katrin"]
[Black "Metzner, Anita"]
[Result "1/2-1/2"]
[WhiteElo "1086"]
[BlackElo "1613"]
[PlyCount "51"]
[EventDate "2010.06.03"]
[WhiteTeam "Schleswig-Holstein"]
[BlackTeam "Bayern"]

1. d4 d5 2. Nf3 Nf6 3. e3 Bg4 4. Bd3 e6 5. Nbd2 Be7 6. e4 dxe4 7. Nxe4 O-O 8.
c3 c6 9. O-O Nbd7 10. Re1 c5 11. Nxf6+ Nxf6 12. h3 Bh5 13. Be2 Qb6 14. Ne5 Bxe2
15. Rxe2 cxd4 16. cxd4 Rfd8 17. Be3 Nd5 18. Rd2 Bf6 19. Ng4 Qd6 20. Nxf6+ Nxf6
21. f3 Qd5 22. b3 Rac8 23. Rc1 Ne8 24. Rc5 Qd7 25. Rxc8 Rxc8 26. d5 1/2-1/2

[Event "DFMM: Saarland-Niedersachsen"]
[Site "Braunfels"]
[Date "2010.06.03"]
[Round "1.1"]
[White "Zschischang, Marine"]
[Black "Müller, Elke"]
[Result "1-0"]
[WhiteElo "2089"]
[BlackElo "1992"]
[PlyCount "107"]
[EventDate "2010.06.03"]
[WhiteTeam "Niedersachsen"]
[BlackTeam "Saarland"]

1. c4 c5 2. Nc3 Nc6 3. e4 g6 4. g3 Bg7 5. Bg2 d6 6. h3 Bd7 7. Nge2 Qc8 8. f4
Nf6 9. g4 a6 10. a4 Nb4 11. d3 Bc6 12. O-O O-O 13. Ng3 Nd7 14. h4 e6 15. g5 f5
16. gxf6 Rxf6 17. Bh3 Qd8 18. Kh2 Qe7 19. f5 exf5 20. Bg5 h6 21. Bxf6 Bxf6 22.
h5 Be5 23. hxg6 Qh4 24. Rf3 Nf6 25. Kg2 Bxg3 26. Rxg3 fxe4 27. dxe4 Nxe4 28.
Nxe4 Bxe4+ 29. Kh2 Qf4 30. Qf1 Rf8 31. Qxf4 Rxf4 32. g7 Rf2+ 33. Kg1 Rf6 34.
Re1 Rg6 35. Rxg6 Bxg6 36. Re7 Bf7 37. Be6 Bxe6 38. Rxe6 d5 39. cxd5 Nxd5 40.
Rxh6 Kxg7 41. Rd6 Nb4 42. Rb6 Kf7 43. Kf2 Ke7 44. Ke2 Kd7 45. Rxb7+ Kc6 46. Rh7
Kd5 47. b3 Kd4 48. Kd2 Kd5 49. Rh6 Kd4 50. Rd6+ Ke5 51. Rd8 Nc6 52. Ra8 a5 53.
Kc3 Kd5 54. Ra6 1-0

[Event "DFMM: Saarland-Niedersachsen"]
[Site "Braunfels"]
[Date "2010.06.03"]
[Round "1.2"]
[White "Noll, Sonja"]
[Black "Schulze, Dorothee"]
[Result "0-1"]
[WhiteElo "1886"]
[BlackElo "1986"]
[PlyCount "70"]
[EventDate "2010.06.03"]
[WhiteTeam "Saarland"]
[BlackTeam "Niedersachsen"]

1. Nc3 c5 2. e4 Nc6 3. Bc4 g6 4. a3 Bg7 5. d3 d6 6. Nge2 e6 7. Bf4 a6 8. Qd2 b5
9. Ba2 Nd4 10. Nd1 Bb7 11. c3 Nxe2 12. Qxe2 Ne7 13. Ne3 O-O 14. h4 d5 15. h5 c4
16. Rd1 Qa5 17. Bd6 Rfe8 18. dxc4 dxc4 19. Bb1 Rad8 20. hxg6 hxg6 21. e5 Nc8
22. Ng4 Nxd6 23. exd6 e5 24. O-O Qb6 25. Qd2 Re6 26. Qg5 Rdxd6 27. Rde1 Qd8 28.
Qxd8+ Rxd8 29. Rd1 Rdd6 30. Rxd6 Rxd6 31. f3 f5 32. Ne3 Bh6 33. Nd1 Rd2 34. Re1
Kf7 35. g4 Bxf3 0-1

[Event "DFMM: Saarland-Niedersachsen"]
[Site "Braunfels"]
[Date "2010.06.03"]
[Round "1.3"]
[White "Markgraf, Claudia"]
[Black "Thewes, Marion"]
[Result "1-0"]
[WhiteElo "2040"]
[BlackElo "1544"]
[PlyCount "79"]
[EventDate "2010.06.03"]
[WhiteTeam "Niedersachsen"]
[BlackTeam "Saarland"]

1. e4 e6 2. d4 d5 3. e5 c5 4. c3 Nc6 5. Nf3 Bd7 6. a3 cxd4 7. cxd4 Nge7 8. Nc3
Nf5 9. b4 a6 10. Be3 b5 11. Bd3 Nh4 12. O-O Be7 13. Nxh4 Bxh4 14. Qg4 O-O 15.
Bh6 g6 16. Bxf8 Kxf8 17. Ne2 Be7 18. Qh3 Kg7 19. g4 Qb6 20. Qe3 h6 21. Rab1 a5
22. bxa5 Rxa5 23. Rb3 Rxa3 24. Rxa3 Bxa3 25. Bxg6 fxg6 26. Qxa3 b4 27. Qf3 Qd8
28. Rb1 Qe7 29. Kg2 Qg5 30. h3 Bc8 31. Qe3 Qe7 32. Qd3 Qa7 33. Nf4 Qf7 34. Kg3
g5 35. Nh5+ Kf8 36. Nf6 Kg7 37. Qh7+ Kf8 38. Qh8+ Ke7 39. Qxc8 Nxd4 40. Qc5+
1-0

[Event "DFMM: Saarland-Niedersachsen"]
[Site "Braunfels"]
[Date "2010.06.03"]
[Round "1.4"]
[White "Weinmann, Helene"]
[Black "Kickert, Germaine Helene"]
[Result "0-1"]
[WhiteElo "1435"]
[BlackElo "1973"]
[PlyCount "78"]
[EventDate "2010.06.03"]
[WhiteTeam "Saarland"]
[BlackTeam "Niedersachsen"]

1. Nf3 c5 2. g3 g6 3. Bg2 Bg7 4. c3 Nc6 5. O-O d5 6. d3 Nf6 7. Nbd2 e5 8. e4
Be6 9. Ng5 Bg4 10. Qb3 Na5 11. Qb5+ Bd7 12. Qxc5 Bf8 13. Qe3 Ng4 14. Nxf7 Nxe3
15. Nxd8 Nxf1 16. Nxf1 Rxd8 17. exd5 b6 18. Bg5 Be7 19. Bh6 Kf7 20. Re1 Bf6 21.
Bd2 Bf5 22. Be4 Nb7 23. f3 Nc5 24. g4 Bxe4 25. dxe4 Nd3 26. Rb1 Be7 27. Kg2 Kg7
28. Ne3 Rc8 29. b3 Rhf8 30. c4 Bc5 31. Nc2 Rf7 32. Ne1 Nxe1+ 33. Rxe1 Bd4 34.
Rf1 b5 35. Rc1 bxc4 36. bxc4 Rfc7 37. d6 Rxc4 38. Rxc4 Rxc4 39. Ba5 Bb6 0-1

[Event "DFMM: Saarland-Niedersachsen"]
[Site "Braunfels"]
[Date "2010.06.03"]
[Round "1.6"]
[White "Alt, Barbara"]
[Black "Rethmann, Kristin"]
[Result "0-1"]
[WhiteElo "1182"]
[BlackElo "1782"]
[PlyCount "56"]
[EventDate "2010.06.03"]
[WhiteTeam "Saarland"]
[BlackTeam "Niedersachsen"]

1. e4 d5 2. exd5 Qxd5 3. Nc3 Qa5 4. d4 Nf6 5. Nf3 Bg4 6. Bd2 Qb6 7. Be2 e6 8.
O-O Bb4 9. a3 Be7 10. Re1 O-O 11. Ne5 Bxe2 12. Qxe2 Qxd4 13. Nb5 Qd8 14. Rad1
Nbd7 15. Bf4 c6 16. Nxd7 Nxd7 17. Nd6 Bxd6 18. Bxd6 Re8 19. h4 Qxh4 20. Bg3 Qe7
21. Bd6 Qf6 22. b4 Nb6 23. Be5 Qg5 24. Rd3 f6 25. Rg3 Qxe5 26. Re3 Qb5 27. Qg4
e5 28. f4 Qc4 0-1

[Event "DFMM: Saarland-Niedersachsen"]
[Site "Braunfels"]
[Date "2010.06.03"]
[Round "1.8"]
[White "Tinnes, Marie-Christine"]
[Black "Saal, Hilkka"]
[Result "0-1"]
[WhiteElo "1108"]
[BlackElo "1695"]
[PlyCount "36"]
[EventDate "2010.06.03"]
[WhiteTeam "Saarland"]
[BlackTeam "Niedersachsen"]

1. d4 Nf6 2. Nf3 g6 3. g3 Bg7 4. Bg2 O-O 5. O-O d6 6. Bf4 Nbd7 7. c3 c5 8. Qc2
Qc7 9. Nbd2 cxd4 10. Nxd4 e5 11. Bxe5 dxe5 12. N4f3 Rb8 13. e3 b6 14. Rfd1 Bb7
15. Rac1 Rfc8 16. Bf1 Nc5 17. Ng5 Qc6 18. b4 Qh1# 0-1

[Event "DFMM: Sachsen-Hessen"]
[Site "Braunfels"]
[Date "2010.06.04"]
[Round "2.1"]
[White "Toth, Lili"]
[Black "Rößler, Ulrike"]
[Result "1-0"]
[WhiteElo "2198"]
[BlackElo "2176"]
[PlyCount "83"]
[EventDate "2010.06.03"]
[WhiteTeam "Hessen"]
[BlackTeam "Sachsen"]

1. d4 Nf6 2. Nc3 g6 3. e4 d6 4. f3 Bg7 5. Be3 c6 6. Qd2 b5 7. Nge2 Nbd7 8. g4
Nb6 9. Ng3 h5 10. g5 Nfd7 11. h4 b4 12. Nd1 e5 13. c3 bxc3 14. bxc3 O-O 15. Be2
exd4 16. cxd4 c5 17. O-O d5 18. Rc1 Nc4 19. Bxc4 dxc4 20. dxc5 Qc7 21. f4 Rd8
22. Qf2 Bb7 23. Nc3 Rac8 24. Nb5 Qa5 25. Nd6 Nxc5 26. Nxc8 Nd3 27. Ne7+ Kf8 28.
Nxg6+ fxg6 29. Qf3 Nxc1 30. f5 Kg8 31. f6 Bf8 32. f7+ Kh7 33. Nxh5 Rd3 34. Nf6+
Kh8 35. Rxc1 Qc7 36. Ng4 c3 37. h5 Bxe4 38. Qxe4 Qg3+ 39. Kf1 Qh3+ 40. Ke2
Rxe3+ 41. Nxe3 Qxh5+ 42. Kd3 1-0

[Event "DFMM: Sachsen-Hessen"]
[Site "Braunfels"]
[Date "2010.06.04"]
[Round "2.2"]
[White "Schulz, Petra"]
[Black "Petri, Birgit"]
[Result "1-0"]
[WhiteElo "2085"]
[BlackElo "2089"]
[PlyCount "139"]
[EventDate "2010.06.03"]
[WhiteTeam "Sachsen"]
[BlackTeam "Hessen"]

1. e4 c5 2. Nf3 e6 3. c3 Nf6 4. e5 Nd5 5. d4 cxd4 6. cxd4 b6 7. Bc4 Bb7 8. O-O
d6 9. Bg5 Be7 10. Bxd5 Bxd5 11. Bxe7 Qxe7 12. Nc3 Bb7 13. d5 O-O 14. Re1 Rd8
15. dxe6 fxe6 16. exd6 Rxd6 17. Qe2 Nc6 18. Rad1 Rad8 19. Rxd6 Rxd6 20. h3 Nd8
21. Qe3 Qd7 22. Ne5 Qe8 23. f4 a6 24. Ne4 Bxe4 25. Qxe4 Qb5 26. b4 Rd5 27. Rc1
g6 28. Rc7 Rd1+ 29. Kh2 Qf1 30. Nxg6 Qg1+ 31. Kg3 Re1 32. Qa8 Re3+ 33. Kh4 Qe1+
34. Kh5 hxg6+ 35. Kxg6 Rg3+ 36. Kh6 Qd2 37. Qe4 Qd3 38. Rg7+ Kf8 39. Qxd3 Rxd3
40. Ra7 Ra3 41. h4 Rxa2 42. g4 Ra4 43. g5 Rxb4 44. g6 Rxf4 45. h5 Kg8 46. Rg7+
Kf8 47. Ra7 Rf5 48. g7+ Kg8 49. Kg6 Rf1 50. Re7 Rg1+ 51. Kf6 Kh7 52. Re8 Rxg7
53. Rxd8 Rg1 54. Rb8 b5 55. Rb6 Ra1 56. Kxe6 Ra4 57. Kf5 b4 58. Kg5 Ra3 59.
Rb7+ Kg8 60. Rxb4 Ra5+ 61. Kg6 Kf8 62. h6 Ra1 63. Rb8+ Ke7 64. h7 Rg1+ 65. Kf5
Rf1+ 66. Ke4 a5 67. h8=Q Re1+ 68. Kd3 a4 69. Qh4+ Kd6 70. Qxe1 1-0

[Event "DFMM: Sachsen-Hessen"]
[Site "Braunfels"]
[Date "2010.06.04"]
[Round "2.3"]
[White "Rieseler, Caroline"]
[Black "Gasch, Franziska"]
[Result "1/2-1/2"]
[WhiteElo "2062"]
[BlackElo "1979"]
[PlyCount "101"]
[EventDate "2010.06.03"]
[WhiteTeam "Hessen"]
[BlackTeam "Sachsen"]

1. e4 d5 2. exd5 Nf6 3. Nf3 Nxd5 4. d4 Bg4 5. h3 Bh5 6. c4 Nb6 7. Nc3 e6 8. g4
Bg6 9. Ne5 N8d7 10. Nxg6 hxg6 11. Qe2 c6 12. Bg2 Qf6 13. d5 cxd5 14. cxd5 Bb4
15. Bd2 O-O 16. O-O Rfe8 17. dxe6 Rxe6 18. Qb5 Bd6 19. Bg5 Qe5 20. Qxe5 Bxe5
21. Bxb7 Rb8 22. Bg2 Nc5 23. Rad1 Bxc3 24. bxc3 Re2 25. Be3 Nca4 26. Bd4 Rxa2
27. Ra1 Rxa1 28. Rxa1 Rc8 29. Ra3 Rc7 30. Kf1 Re7 31. Rb3 Rc7 32. Ke2 Nc5 33.
Rb5 Ne6 34. Bxb6 axb6 35. Kd2 Nf4 36. Bf1 Rc6 37. c4 Ne6 38. Ke3 Kf8 39. f4 Ke7
40. Rb2 Nc5 41. Bg2 Rd6 42. Bd5 Ne6 43. Ra2 Nc7 44. Be4 Rd7 45. f5 gxf5 46.
Bxf5 Ne6 47. Ra6 Rd6 48. h4 Kf6 49. Bxe6 Kxe6 50. Ke4 Rc6 51. Kd4 1/2-1/2

[Event "DFMM: Sachsen-Hessen"]
[Site "Braunfels"]
[Date "2010.06.04"]
[Round "2.4"]
[White "Dämering, Katrin"]
[Black "Heymann-Lobzhanidze, Anna-Luise"]
[Result "1-0"]
[WhiteElo "2050"]
[BlackElo "2085"]
[PlyCount "52"]
[EventDate "2010.06.03"]
[WhiteTeam "Sachsen"]
[BlackTeam "Hessen"]

1. e4 e5 2. Nf3 Nc6 3. Bb5 Bc5 4. O-O d6 5. c3 Bd7 6. d4 Bb6 7. Re1 Nf6 8. Bg5
h6 9. Bh4 O-O 10. Na3 Bg4 11. Bxc6 bxc6 12. dxe5 dxe5 13. Qxd8 Raxd8 14. Nxe5
g5 15. Bg3 h5 16. h4 Nxe4 17. Rxe4 f5 18. Rxg4 hxg4 19. hxg5 f4 20. Bh4 g3 21.
Ng4 Rd2 22. Nc4 Bxf2+ 23. Kf1 Rd7 24. Nf6+ Rxf6 25. gxf6 Rh7 26. Ne5 Rxh4 1-0

[Event "DFMM: Sachsen-Hessen"]
[Site "Braunfels"]
[Date "2010.06.04"]
[Round "2.5"]
[White "Moutaqi, Sandra"]
[Black "Kalies, Grit"]
[Result "1/2-1/2"]
[WhiteElo "2091"]
[BlackElo "2016"]
[PlyCount "121"]
[EventDate "2010.06.03"]
[WhiteTeam "Hessen"]
[BlackTeam "Sachsen"]

1. d4 Nf6 2. c4 d6 3. Nc3 g6 4. e4 Bg7 5. Nf3 O-O 6. Bd3 c5 7. d5 Nbd7 8. O-O
Ng4 9. h3 Nge5 10. Nxe5 Nxe5 11. f4 Nxd3 12. Qxd3 Bd7 13. Be3 a6 14. a3 b5 15.
cxb5 axb5 16. b4 Qc7 17. bxc5 dxc5 18. e5 Ra5 19. Ne4 c4 20. Qc3 Rfa8 21. Nc5
f6 22. Nxd7 Qxd7 23. Rfd1 Qc7 24. Bd4 fxe5 25. fxe5 Rd8 26. e6 Bxd4+ 27. Qxd4
Qd6 28. Qc3 Rda8 29. Qf3 Rf8 30. Qc3 Raa8 31. Kh1 Rf5 32. a4 Rxd5 33. Rxd5 Qxd5
34. axb5 Rxa1+ 35. Qxa1 Qxb5 36. Qf1 Qf5 37. Qxc4 Kg7 38. g4 Qf3+ 39. Kh2 Kf6
40. h4 Qf2+ 41. Kh3 Qe3+ 42. Kg2 Qxe6 43. Qf4+ Kg7 44. g5 Qf5 45. Qd4+ Kf7 46.
Qc4+ Kf8 47. Qd4 Kf7 48. Qc4+ Qe6 49. Qf4+ Kg8 50. Qb8+ Kg7 51. Qb2+ Kf7 52.
Qd4 Qd6 53. Qh8 Qd2+ 54. Kg3 Qe3+ 55. Kh2 Qf4+ 56. Kh3 Qf3+ 57. Kh2 Qh5 58. Kg3
Ke6 59. Qg8+ Kd6 60. Qa8 Ke6 61. Qg8+ 1/2-1/2

[Event "DFMM: Sachsen-Hessen"]
[Site "Braunfels"]
[Date "2010.06.04"]
[Round "2.6"]
[White "Just, Gabriele"]
[Black "Zahn, Nicol"]
[Result "1-0"]
[WhiteElo "1936"]
[BlackElo "1960"]
[PlyCount "69"]
[EventDate "2010.06.03"]
[WhiteTeam "Sachsen"]
[BlackTeam "Hessen"]

1. d4 f5 2. Bg5 Nf6 3. Nf3 d5 4. Bxf6 exf6 5. e3 g6 6. Bd3 Bg7 7. O-O O-O 8. c4
Be6 9. Qb3 dxc4 10. Bxc4 Bxc4 11. Qxc4+ Kh8 12. Rc1 c6 13. Nc3 Nd7 14. a4 Rc8
15. a5 a6 16. Qb3 Rc7 17. Ra4 Re8 18. Rc4 Bf8 19. Nd5 Ne5 20. Nxc7 Nxf3+ 21.
gxf3 Qxc7 22. Qc3 Bd6 23. f4 g5 24. d5 Qg7 25. Kh1 Rg8 26. Rg1 Qh6 27. dxc6 Kg7
28. Rxg5+ Kf7 29. Rxg8 Qh5 30. Rg3 Qd1+ 31. Kg2 bxc6 32. Rxc6 Qd5+ 33. Kh3 Ke7
34. Qc4 Qd1 35. Rg7+ 1-0

[Event "DFMM: Sachsen-Hessen"]
[Site "Braunfels"]
[Date "2010.06.04"]
[Round "2.7"]
[White "Fröhlich-Dill, Astrid"]
[Black "Just, Anita"]
[Result "1/2-1/2"]
[WhiteElo "1910"]
[BlackElo "1984"]
[PlyCount "117"]
[EventDate "2010.06.03"]
[WhiteTeam "Hessen"]
[BlackTeam "Sachsen"]

1. d4 e6 2. c4 f5 3. Nf3 Nf6 4. Nc3 Bb4 5. Bd2 O-O 6. e3 b6 7. a3 Bxc3 8. Bxc3
Ne4 9. Rc1 d6 10. Be2 Bb7 11. b4 Nxc3 12. Rxc3 a5 13. c5 axb4 14. axb4 bxc5 15.
bxc5 Bd5 16. O-O Nd7 17. Nd2 Nf6 18. f3 e5 19. Bc4 Bxc4 20. Nxc4 Qe7 21. c6 Qe6
22. Qd3 e4 23. fxe4 Qxe4 24. Qxe4 Nxe4 25. Rd3 Ra4 26. Nd2 d5 27. Nxe4 fxe4 28.
Rb3 Rc4 29. Rb5 Rxf1+ 30. Kxf1 Rxc6 31. Rxd5 Kf7 32. Re5 Re6 33. Rc5 c6 34. Kf2
Ke7 35. Kg3 Rg6+ 36. Kf4 Rxg2 37. Kxe4 Kd6 38. Rh5 h6 39. h4 Rg1 40. Rf5 Rg4+
41. Rf4 Rg3 42. Rf7 Ke6 43. Rc7 Kd6 44. Ra7 Rg6 45. h5 Rg5 46. Kf4 Ke6 47. Rc7
Kd6 48. Rb7 Rg1 49. Ra7 Rf1+ 50. Ke4 Rg1 51. Rf7 Rg4+ 52. Rf4 Rg5 53. Rf5 Rg1
54. Rf7 Rg5 55. Rf5 Rg2 56. Rf7 Ke6 57. Rc7 Kd6 58. Rf7 Ke6 59. Rc7 1/2-1/2

[Event "DFMM: Sachsen-Hessen"]
[Site "Braunfels"]
[Date "2010.06.04"]
[Round "2.8"]
[White "Neumeyer, Hannelore"]
[Black "Storkebaum, Ulrike"]
[Result "1-0"]
[WhiteElo "2055"]
[BlackElo "1867"]
[PlyCount "69"]
[EventDate "2010.06.03"]
[WhiteTeam "Sachsen"]
[BlackTeam "Hessen"]

1. d4 Nf6 2. Nc3 g6 3. e4 d6 4. Be2 Bg7 5. g4 O-O 6. g5 Ne8 7. h4 e5 8. Be3 Nc6
9. Nf3 Bg4 10. d5 Bxf3 11. Bxf3 Nd4 12. Bxd4 exd4 13. Ne2 c5 14. Qd2 Qe7 15.
O-O-O f5 16. exf5 Rxf5 17. Bg4 Rxd5 18. f4 Nc7 19. Rde1 Qe3 20. c4 Rf5 21. Qxe3
dxe3 22. Bxf5 gxf5 23. Ng3 Bd4 24. Nxf5 Rf8 25. Nh6+ Kh8 26. Rhf1 b5 27. cxb5
Nxb5 28. Ng4 Re8 29. h5 d5 30. Rf3 e2 31. f5 Nd6 32. f6 Kg8 33. g6 Rb8 34. Nh6+
Kf8 35. g7+ 1-0

[Event "DFMM: Niedersachsen-Thüringen"]
[Site "Braunfels"]
[Date "2010.06.04"]
[Round "2.1"]
[White "Hannes, Diana"]
[Black "Zschischang, Marine"]
[Result "1-0"]
[WhiteElo "2124"]
[BlackElo "2089"]
[PlyCount "53"]
[EventDate "2010.06.03"]
[WhiteTeam "Thüringen"]
[BlackTeam "Niedersachsen"]

1. e4 e6 2. d4 d5 3. Nc3 Nf6 4. Bg5 dxe4 5. Nxe4 Be7 6. Bxf6 gxf6 7. Nf3 f5 8.
Ned2 b6 9. c3 Bb7 10. Ne5 Bd6 11. Ndc4 a6 12. Be2 Nd7 13. Bf3 Bxf3 14. Qxf3 O-O
15. O-O-O f6 16. Nc6 Qe8 17. Nxd6 cxd6 18. Qg3+ Kf7 19. Qxd6 Rg8 20. g3 a5 21.
f4 Rc8 22. d5 e5 23. fxe5 fxe5 24. Rhf1 f4 25. gxf4 e4 26. Ne5+ Nxe5 27. fxe5+
1-0

[Event "DFMM: Bayern-NRW I"]
[Site "Braunfels"]
[Date "2010.06.04"]
[Round "2.3"]
[White "Vovk, Oksana"]
[Black "Stangl, Anita"]
[Result "1/2-1/2"]
[WhiteElo "2123"]
[BlackElo "2146"]
[PlyCount "20"]
[EventDate "2010.06.03"]
[WhiteTeam "NRW I"]
[BlackTeam "Bayern"]

1. d4 e6 2. c4 d5 3. Nc3 c6 4. cxd5 exd5 5. Bf4 Qb6 6. Qd2 Nf6 7. a3 Bf5 8. e3
Ne4 9. Nxe4 Bxe4 10. Ne2 Nd7 1/2-1/2

[Event "DFMM: Niedersachsen-Thüringen"]
[Site "Braunfels"]
[Date "2010.06.04"]
[Round "2.3"]
[White "Skibbe, Diana"]
[Black "Markgraf, Claudia"]
[Result "1-0"]
[WhiteElo "2083"]
[BlackElo "2040"]
[PlyCount "63"]
[EventDate "2010.06.03"]
[WhiteTeam "Thüringen"]
[BlackTeam "Niedersachsen"]

1. e4 Nf6 2. e5 Nd5 3. c4 Nb6 4. d4 d6 5. exd6 exd6 6. Bd3 Nc6 7. Be3 Nb4 8.
Ne2 Bg4 9. O-O Be7 10. Nbc3 Nxd3 11. Qxd3 O-O 12. Ng3 d5 13. b3 c6 14. a4 dxc4
15. bxc4 Be6 16. d5 cxd5 17. Bxb6 Qxb6 18. cxd5 Bd7 19. Rab1 Qc7 20. Nce4 Bxa4
21. Qd4 Qd7 22. Nh5 f6 23. d6 b5 24. Rb4 a5 25. Rxa4 bxa4 26. Qc4+ Kh8 27. dxe7
Qxe7 28. Qxa4 Qb4 29. Qd7 Rg8 30. Nd6 g6 31. Nxf6 Rg7 32. Nf7+ 1-0

[Event "DFMM: Niedersachsen-Thüringen"]
[Site "Braunfels"]
[Date "2010.06.04"]
[Round "2.4"]
[White "Kickert, Germaine Helene"]
[Black "Lange, Corinna"]
[Result "0-1"]
[WhiteElo "1973"]
[BlackElo "2033"]
[PlyCount "94"]
[EventDate "2010.06.03"]
[WhiteTeam "Niedersachsen"]
[BlackTeam "Thüringen"]

1. e4 e6 2. d4 d5 3. Nd2 Nf6 4. e5 Nfd7 5. Bd3 c5 6. c3 Nc6 7. Ngf3 cxd4 8.
cxd4 f6 9. O-O f5 10. Nb3 Be7 11. g4 g6 12. gxf5 gxf5 13. Ng5 Nf8 14. Qh5+ Ng6
15. Nxh7 Kf7 16. Kh1 Qg8 17. Ng5+ Bxg5 18. Qxg5 Qh7 19. Qg3 a5 20. Be3 Nb4 21.
Bb1 a4 22. Nd2 Bd7 23. Nf3 Qh5 24. Bg5 a3 25. b3 Rhg8 26. Bd2 Nc6 27. Bd3 Raf8
28. Be2 Ke8 29. Rae1 f4 30. Qg2 Nh4 31. Nxh4 Qxh4 32. Qf3 Nxd4 33. Qh5+ Qxh5
34. Bxh5+ Kd8 35. Ba5+ Kc8 36. Rc1+ Bc6 37. Bb4 Rf5 38. Bd1 Rfg5 39. Bc5 Nf5
40. Bxa3 d4+ 41. Bf3 Kd7 42. Bxc6+ bxc6 43. Bb2 Rh8 44. Bxd4 Rgh5 45. Kg2 Rxh2+
46. Kf3 Nxd4+ 47. Kxf4 Ne2+ 0-1

[Event "DFMM: Niedersachsen-Thüringen"]
[Site "Braunfels"]
[Date "2010.06.04"]
[Round "2.5"]
[White "Kube, Hannelore"]
[Black "Günnigmann, Laura"]
[Result "1/2-1/2"]
[WhiteElo "2001"]
[BlackElo "1881"]
[PlyCount "108"]
[EventDate "2010.06.03"]
[WhiteTeam "Thüringen"]
[BlackTeam "Niedersachsen"]

1. c4 e5 2. Nc3 Nc6 3. g3 d6 4. Bg2 g6 5. d3 Bg7 6. e4 f5 7. Nge2 Nf6 8. O-O
O-O 9. f4 Kh8 10. Kh1 Qe8 11. Be3 Qf7 12. Rc1 Be6 13. Nd5 Rae8 14. h3 Nd8 15.
Qc2 Qd7 16. Kh2 fxe4 17. Nxf6 Rxf6 18. dxe4 Ref8 19. c5 Nc6 20. a3 Qe8 21. cxd6
cxd6 22. b4 a6 23. Rfd1 Bg8 24. Rd3 exf4 25. Bxf4 Ne5 26. Rc3 Nc6 27. Rd1 Re6
28. Rcd3 Be5 29. Bh6 Rf2 30. Be3 Rf7 31. Nf4 Ree7 32. Nd5 Rd7 33. Nb6 Rc7 34.
Qd2 Qe6 35. Nd5 Rcd7 36. Bf4 Bxf4 37. Nxf4 Qe5 38. Rd5 Qe7 39. Rxd6 Rxd6 40.
Qxd6 Qxd6 41. Rxd6 Kg7 42. Ne6+ Kh6 43. Nd8 Nxd8 44. Rxd8 Kg7 45. Rd6 Rc7 46.
Rb6 Kh6 47. h4 Rc3 48. a4 Bb3 49. a5 Rc7 50. g4 Ba4 51. e5 Rc2 52. Kg3 Rc3+ 53.
Kf4 Rc4+ 54. Kg3 Rc3+ 1/2-1/2

[Event "DFMM: Niedersachsen-Thüringen"]
[Site "Braunfels"]
[Date "2010.06.04"]
[Round "2.6"]
[White "Rethmann, Kristin"]
[Black "v.d. Weth - v. Nordheim, Petra"]
[Result "1-0"]
[WhiteElo "1782"]
[BlackElo "1798"]
[PlyCount "65"]
[EventDate "2010.06.03"]
[WhiteTeam "Niedersachsen"]
[BlackTeam "Thüringen"]

1. e4 c5 2. Nf3 Nc6 3. d4 cxd4 4. Nxd4 g6 5. c4 Bg7 6. Be3 d6 7. Nc3 Nf6 8. Be2
O-O 9. Qd2 Ng4 10. Bxg4 Bxg4 11. f3 Bd7 12. O-O Re8 13. Rfd1 Qa5 14. Rac1 Rac8
15. b3 Ne5 16. Nd5 Qxd2 17. Rxd2 b5 18. f4 Ng4 19. h3 e6 20. Ne7+ Rxe7 21. hxg4
e5 22. Nf3 Bxg4 23. Rxd6 exf4 24. Bxf4 Rxe4 25. cxb5 Rxc1+ 26. Bxc1 Re8 27. Kf2
Rc8 28. Be3 Bf8 29. Rc6 Rxc6 30. bxc6 a6 31. Ne5 Be6 32. Nc4 Be7 33. c7 1-0

[Event "DFMM: Niedersachsen-Thüringen"]
[Site "Braunfels"]
[Date "2010.06.04"]
[Round "2.8"]
[White "Saal, Hilkka"]
[Black "Kinzel, Tiffany"]
[Result "0-1"]
[WhiteElo "1695"]
[BlackElo "1570"]
[PlyCount "78"]
[EventDate "2010.06.03"]
[WhiteTeam "Niedersachsen"]
[BlackTeam "Thüringen"]

1. e4 c5 2. Nf3 d6 3. d4 cxd4 4. Nxd4 Nf6 5. Nc3 a6 6. Be2 e5 7. Nb3 Be6 8. Be3
Be7 9. O-O d5 10. exd5 Nxd5 11. Nxd5 Bxd5 12. c4 Bc6 13. Qc2 O-O 14. Bd3 h6 15.
Rad1 Nd7 16. f4 exf4 17. Bxf4 Qb6+ 18. Kh1 Rad8 19. Qe2 Rfe8 20. Bd2 Bf6 21.
Qh5 Re5 22. Qg4 Bg5 23. Bc3 Nf6 24. Rxf6 Bxf6 25. Bxe5 Bxe5 26. Qf5 Bf6 27. c5
Qb4 28. h3 Qh4 29. Rf1 g6 30. Qg4 Rxd3 31. Qxh4 Bxh4 32. Kh2 Re3 33. Nd4 Bg3+
34. Kg1 Re1 35. Rxe1 Bxe1 36. a3 Bd2 37. Kf1 Be3 38. Nb3 Bd5 39. Na5 Bxc5 0-1